Statistics for Capitals of the five most populous countries by continent

Click here to take the quiz!

General Stats

  • This quiz has been taken 38 times
  • The average score is 25 of 30

Answer Stats

CAPITAL% Correct
Paris
100%
London
97%
Mexico City
97%
Moscow
97%
Beijing
95%
Berlin
95%
Brasilia
95%
Buenos Aires
95%
New Delhi
95%
Ottawa
95%
Washington D.C.
95%
Bogotá
89%
Cairo
89%
Canberra
89%
Caracas
89%
Lima
89%
Rome
89%
Guatemala City
84%
Wellington
84%
Islamabad
81%
Dhaka
78%
Kinshasa
78%
Abuja
76%
Jakarta
76%
Addis Ababa
73%
Port-au-Prince
68%
Port Moresby
62%
Suva
54%
Dodoma
49%
Honiara
41%

Score Distribution

Percentile by Number Answered

Percent of People with Each Score

Your Score History

You have not taken this quiz